Edicion Bilingue (Record no. 192)

MARC details
000 -LEADER
campo de control de longitud fija 00358 a2200133 4500
020 ## - NÚMERO INTERNACIONAL ESTÁNDAR DEL LIBRO
Número Internacional Estándar del Libro 9781073186
082 ## - NÚMERO DE LA CLASIFICACIÓN DECIMAL DEWEY
Número de clasificación 861.982
Número de ítem F837e
100 ## - ENTRADA PRINCIPAL--NOMBRE DE PERSONA
Nombre de persona Franzetti, Silvana
9 (RLIN) 911
245 ## - MENCIÓN DEL TÍTULO
Título Edicion Bilingue
260 ## - PUBLICACIÓN, DISTRIBUCIÓN, ETC.
Lugar de publicación, distribución, etc. Argentina
Nombre del editor, distribuidor, etc. ediciones VOX
Fecha de publicación, distribución, etc. 2006
300 ## - DESCRIPCIÓN FÍSICA
Extensión 37 p
Otras características físicas ill (col)
Dimensiones 21 cm
650 ## - PUNTO DE ACCESO ADICIONAL DE MATERIA--TÉRMINO DE MATERIA
Término de materia o nombre geográfico como elemento de entrada Poesia
Subdivisión general Literatura
Subdivisión geográfica Argentina
9 (RLIN) 912
700 ## - ENTRADA AGREGADA--NOMBRE PERSONAL
Nombre de persona Silvana Franzetti
9 (RLIN) 913
Holdings
Estatus retirado Estado de pérdida Fuente del sistema de clasificación o colocación Estado de daño No para préstamo Biblioteca de origen Biblioteca actual Ubicación en estantería Fecha de adquisición Total de préstamos Signatura topográfica completa Código de barras Visto por última vez Precio de reemplazo Tipo de ítem Koha
    Clasificación Decimal Dewey     Biblioteca LadoV Biblioteca LadoV   02/06/2014   861.982 F837e 003985 02/06/2014 02/06/2014 Material 01